000 00405nam a2200181Ia 4500
005 20240823042637.0
008 240823s9999||||xx |||||||||||||| ||und||
041 _aENGLISH
082 _A331.23 P8
100 _aKumar Ra
245 0 _aTamil Padanool Payitumurai
250 _a1st
260 _c2008
_bNal
500 _aTRANSFERED
650 _aTamil Books
_bGeneral
942 _cBK
999 _c208359
_d208359